Multiple Choice City Quiz - Graz 🇦🇹 - Statistics

General Stats
  • This quiz has been taken 10 times
  • The average score is 7 of 10
Answer Stats
Question Answer % Correct
Graz is the capital of which Austrian state? Styria
100%
Which sector most influenced Graz's development after World War II? Automotive and engineering
88%
Which river flows through Graz? Mur
88%
Graz's Hauptplatz is closest to which building? City Hall
75%
Which modern landmark in Graz is known as the "Frendly Alien"? Kunsthaus Graz
75%
What is the name of the hill with the clock tower overlooking Graz? Schlossberg
75%
Which famous wine-growing region is located near Graz? Styrian Wine Route
63%
Graz was the European Capital of Culture in which year? 2003
38%
Which architectural style dominates Graz's historic old town? Renaissance
38%
Which international festival in Graz focuses on contemporary art? Steirischer Herbst
25%
No matching quizzes found
Score Distribution
Percent of People with Each Score
Percentile by Number Answered
Your Score History
You have not taken this quiz